LSC Logo Quiz - Statistics

General Stats
  • This quiz has been taken 2 times
  • The average score is 2 of 17
Answer Stats
Picture Answer % Correct
Angelo State
100%
Midwestern State
50%
UT Permian Basin
50%
Cameron
0%
Dallas Baptist
0%
Eastern New Mexico
0%
Lubbock Christian
0%
Oklahoma Christian
0%
St. Edwards
0%
St. Mary's
0%
Sul Ross State
0%
Texas A&M International
0%
Texas A&M-Kingsville
0%
UT Dallas
0%
UT Tyler
0%
Western New Mexico
0%
West Texas A&M
0%
No matching quizzes found
Score Distribution
Percent of People with Each Score
Percentile by Number Answered
Your Score History
You have not taken this quiz